Evropská unie stanovila nová pravidla pro audit účetních závěrek

Stručný popis pravidiel pre audit účtovných závierok, ktoré upravuje smernica Európskeho parlamentu a Rady 2006/43/ES zo 17.5.2006 o povinnom audite ročných a konsolidovaných účtovných závierok.

Saved in:
Bibliographic Details
Main Author: Müllerová, Libuše
Format: Book Chapter
Language:Czech
Subjects:
Tags: Add Tag
No Tags, Be the first to tag this record!

MARC

LEADER 00000naa$a2200000$$$4500
001 0048643
005 20230925085538.2
041 0 |a cze 
044 |a CZ 
245 1 0 |a Evropská unie stanovila nová pravidla pro audit účetních závěrek  |c Libuše Müllerová 
520 |a Stručný popis pravidiel pre audit účtovných závierok, ktoré upravuje smernica Európskeho parlamentu a Rady 2006/43/ES zo 17.5.2006 o povinnom audite ročných a konsolidovaných účtovných závierok. 
610 2 0 |a audit 
610 2 0 |a závierka účtovná 
610 2 0 |a smernice 
610 2 0 |a Európska únia 
610 2 0 |a pojmy 
610 2 0 |a audítori 
610 2 0 |a štandardy audítorské medzinárodné 
610 2 0 |a etika 
100 1 |a Müllerová, Libuše